=LDR 00000nam 2200000 4500 =001 INLIS000000000002911 =005 20130612091226 =008 ***********************************Ind** =035 ##$$0010-061300000002911 =041 ##$$a Ind =082 ##$$a 135 =090 ##$$a 135, Bhs m =100 ##$$a Bhaskara, Ki =245 ##$$a Mengungkap rahasia mimpi / Ki Bhaskara. -- =260 ##$$a 1999 $b Yogyakarta : Sendang Dhuwur =300 ##$$a 96 hlm. ; 18 cm =650 ##$$a Mimpi 1 =650 ##$$a Judul =850 ##$$a NBPNMAT